000
00330nam a2200133Ia 4500
008
191201s1959 xx 000 0 und d
082
_a
677.022
_b
MEC
100
_a
MERRILL, Gilbert R
245
0
_a
Cotton Ring Spinning
260
_a
N.Delhi
_b
Varnum Ave Lowell, M
_c
1959
300
_a
167
650
_a
B.Tech(TE)
942
_2
ddc
_c
BK
999
_c
2235
_d
2235